Переписка А. М. Гедеонова с А. Н. Верстовским

RUSMARC
00005446cbc2a2200000#x 450
001c37e975d-a6af-46ed-abd0-119c81127902
00520191225161134.0
100##$a20170627l18451847k l0rusy0189 ca
1010#$arus
102##$aRU
2001#$aПереписка А. М. Гедеонова с А. Н. Верстовским
$j31 декабря 1845 г. - 1847 г.
251##$cДело
300##$aПо Московской дирекции за 1846 год
300##$aРукописный текст. Чернила
801#0$aRU
$bРГИА
$c20170627
801#1$aRU
$bГлавНИВЦ
$c20170627
$2rusmarc
801#2$aRU
$bПБ им. Б.Н. Ельцина
$c20181225
$gRCR
$2rusmarc
850##$aФедеральное казенное учреждение "Российский государственный исторический архив" (РГИА)
852##$aРГИА
$j10987
937##$hРГИА
$d12247445
$aASBIBLIO_SCAN
462#0$1001dd3991dc-24e1-42ec-8838-ca4255420416
$12001
$a1746-1850 гг.
$vД. 10987
$1251
$cОпись
$1852
$j1
461#0$10019264ebf8-de62-4f1a-9eb4-9f22098dbbd5
$12001
$aДирекция императорских театров МИДв
$1251
$cФонд
$1852
$j497
215##$a229 листов
$d36,5х26 см
371##$aДокумент не является опубликованным и широко распространяемым
105##$ay###
1222#$ad18451231##
$ad1847######
035##$ac37e975d-a6af-46ed-abd0-119c81127902
856##$uhttp://readingroom.main.prlib.ru/item.aspx?id_node=n122373430&mode=full
600#1$2prlib_sh
$3LIBNET\UAF\0000083793
$aГедеонов
$bА.М.
$gАлександр Михайлович
$f1791-1867
$jДокументы и материалы
600#1$2nlr_sh
$3RU\NLR\AUTH\66193509
$aВерстовский
$gАлексей Николаевич
$jДокументы и материалы
60101$2prlib_sh
$3LIBNET\UAF\0000084209
$aРоссия
$bДирекция императорских театров
$bМосковская контора
$jДокументы и материалы
686##$2rubbk
$a63.3(2)521-7
$vLBC/M
686##$a85.33
$vLBC/M
$2rubbk
605##$2acquisition_Prlib
$3LIBNET\UAF\0000080478
$aГод театра в России
$lколлекция
605##$2acquisition_Prlib
$3DITM\AF\0000004166
$aРоссия в лицах
$lколлекция
Формат отображения